| 000 -LEADER |
| fixed length control field |
01521nam a2200229 4500 |
| 008 - FIXED-LENGTH DATA ELEMENTS--GENERAL INFORMATION |
| fixed length control field |
250527b xxu||||| |||| 00| 0 eng d |
| 040 ## - CATALOGING SOURCE |
| Original cataloging agency |
Cagayan State University |
| Description conventions |
RDA |
| 082 ## - DEWEY DECIMAL CLASSIFICATION NUMBER |
| Classification number |
791.4372 |
| Item number |
SN672 2025 |
| 245 ## - TITLE STATEMENT |
| Title |
Sniper the last stand 2025 / directed by Danishka Esterhazy. The producer was Lance Samuels, and the screenplay was written by Sean Wathen. |
| Statement of responsibility, etc |
directed by Danishka Esterhazy. The producer was Lance Samuels, and the screenplay was written by Sean Wathen. |
| 260 ## - PUBLICATION, DISTRIBUTION, ETC. (IMPRINT) |
| Place of publication, distribution, etc |
United State |
| Name of publisher, distributor, etc |
Sony Pictures |
| Date of publication, distribution, etc |
2025 |
| 300 ## - PHYSICAL DESCRIPTION |
| Extent |
1 videofile, ca. 95 mins |
| Other physical details |
sound, color. |
| 520 ## - SUMMARY, ETC. |
| Summary, etc |
An expert sniper leads a special ops team in Costa Verde to prevent a dangerous arms dealer from deploying a lethal weapon. While mentoring a rookie shooter, he struggles with his new leadership role as the mission grows deadlier. To stop an arms dealer from unleashing a deadly superweapon, Ace sniper Brandon Beckett (Chad Michael Collins) and Agent Zero (Ryan Robbins) are deployed to lead a group of elite soldiers in Costa Verde. Taking an untested sniper under his wing, Beckett faces his newest challenge: giving orders instead of receiving them. With time and ammo running low, they must overcome all odds just to survive. |
| 650 ## - SUBJECT ADDED ENTRY--TOPICAL TERM |
| Topical term or geographic name as entry element |
Action |
| 650 ## - SUBJECT ADDED ENTRY--TOPICAL TERM |
| Topical term or geographic name as entry element |
Adventure |
| 650 ## - SUBJECT ADDED ENTRY--TOPICAL TERM |
| Topical term or geographic name as entry element |
Thriller |
| 700 ## - ADDED ENTRY--PERSONAL NAME |
| Personal name |
Chad Michael Collins, star. |
| 700 ## - ADDED ENTRY--PERSONAL NAME |
| Personal name |
Ryan Robbins, star. |
| 700 ## - ADDED ENTRY--PERSONAL NAME |
| Personal name |
Sharon Taylor, star. |
| 700 ## - ADDED ENTRY--PERSONAL NAME |
| Personal name |
Trevor Calverley, cinematographer. |
| 700 ## - ADDED ENTRY--PERSONAL NAME |
| Personal name |
David Trevail, editor. |
| 942 ## - ADDED ENTRY ELEMENTS (KOHA) |
| Source of classification or shelving scheme |
|
| Item type |
Audio-Visual Materials |